| 000 | 00564nam a2200181 i 4500 | ||
|---|---|---|---|
| 001 | 138229 | ||
| 003 | ES-MaACL | ||
| 005 | 20240511063034.0 | ||
| 007 | t| | ||
| 008 | 070214s1914 sp r ||||1| spa d | ||
| 100 | 1 |
_aSánchez de Toca, Joaquín, _d1852-1942 _9102598 |
|
| 245 | 1 | 3 |
_aLa crisis de nuestro parlamentarismo / _cJoaquín Sánchez de Toca. |
| 260 |
_aMadrid : _b[s. n.], _c1914 ( _fIsidoro Perales) |
||
| 300 |
_a570 p. ; _c21 cm. |
||
| 650 | 4 |
_aParlamentarismo- _zEspaña. _9154821 |
|
| 852 |
_aES-MaACL _jF-6586 |
||
| 999 |
_c138229 _d138229 |
||